000 01202cam a2200301 a 4500
999 _c24940
_d24940
001 740015
005 20170130124157.0
008 990224s1999 caua 000 1 eng
010 _a 99013108
020 _a157423093X (signed cloth : alk. paper)
020 _a1574230921 (cloth trade : alk. paper)
020 _a1574230913 (paper : alk. paper)
043 _an-us---
050 0 0 _aPS3552 .E72485W48 1999
100 1 _aBerlin, Lucia.
245 1 0 _aWhere I live now /
_cLucia Berlin.
260 _aSanta Rosa, CA :
_bBlack Sparrow Press,
_c1999.
300 _a240 p. :
_bill. ;
_c24 cm.
590 _aLC copy numbered and signed by the author: no. 79.
651 0 _aUnited States
_xSocial life and customs
_y20th century
_vFiction.
942 _2lcc
_cBOOKS